| 000 | 01245cab a2200181 4500 | ||
|---|---|---|---|
| 001 | ##L133949 | ||
| 008 | 060622n2006 000 0 eng u | ||
| 035 | _a(Sirsi) u133949 | ||
| 041 | 0 | _aeng | |
| 245 | 0 | 0 | _aMoses v Leahy (Valuation Officer) |
| 260 | _c2006 | ||
| 490 | 0 |
_aRating and Valuation Reporter _v2006, 117-119(3) |
|
| 520 | _a[2006] EWCA Civ 116, 1 February 2006. Concerns the rateable value of premises that M believed to be unfit for occupation. M sought permission to appeal from a Lands Tribunal decision ([2005] RA 315) that dismissed an appeal against the 2000 rating list entry for the property. M said he had not received a fair hearing from a Lands Tribunal member who had refused to sign a statement to the effect that, as hypothetical tenant, the member would take a lease to occupy the property. "Held": permission refused. No challenge on the grounds of error of law had been identified. The Lands Tribunal member was correct to refuse to sign the statement and was entitled to refuse to adjourn to inspect the premises. | ||
| 650 | 2 | 4 | _aNON-DOMESTIC RATING (ALTERATION OF LISTS AND APPEALS) REGULATIONS 1993 |
| 651 | 4 |
_aEngland and Wales _y1543- |
|
| 690 | _aPROPERTY-PROPERTY VALUATION AND APPRAISAL | ||
| 942 | _n0 | ||
| 999 |
_c77278 _d77278 |
||